000 00594nam a2200229 i 4500
001 1773006
005 20180104081137.0
008 761109s1976 dcua b f000 0 eng
010 _a 76602599
020 _c$3.00
040 _aDLC
_cDLC
_dDLC
041 _aeng
043 _an-us---
080 _a364.973 LEA
082 0 0 _a364.973 LEA
100 _a14
101 _aJUR
245 1 0 _aTwo hundred years of American criminal justice :
504 _aBibliography: p. 166-169.
906 _a7
_bcbc
_corignew
_d3
_encip
_f19
_gy-gencatlg
942 _2ddc
_cBK
999 _c39744
_d39744